Against Better Judgement: Rethinking Multicultural Society : (Record no. 49403)

MARC details
000 -LEADER
fixed length control field 04602nam a22003978i 4500
001 - ACCESSION NUMBER
control field BRILL9789004513877
003 - CONTROL NUMBER IDENTIFIER
control field nllekb
005 - DATE AND TIME OF LATEST TRANSACTION
control field 20260415154740.0
006 - FIXED-LENGTH DATA ELEMENTS--ADDITIONAL MATERIAL CHARACTERISTICS--GENERAL INFORMATION
fixed length control field m d
007 - PHYSICAL DESCRIPTION FIXED FIELD--GENERAL INFORMATION
fixed length control field cr un uuuua
008 - FIXED-LENGTH DATA ELEMENTS--GENERAL INFORMATION
fixed length control field 220630s2022 ne sb 001 0 eng d
020 ## - INTERNATIONAL STANDARD BOOK NUMBER
International Standard Book Number 9789004513877
Qualifying information (electronic book)
020 ## - INTERNATIONAL STANDARD BOOK NUMBER
International Standard Book Number 9789004513860
Qualifying information (print)
024 7# - OTHER STANDARD IDENTIFIER
Standard number or code 10.1163/9789004513877
Source of number or code DOI
035 ## - SYSTEM CONTROL NUMBER
Canceled/invalid control number (OCoLC)1320807820
040 ## - CATALOGING SOURCE
Original cataloging agency NL-LeKB
Transcribing agency NL-LeKB
Description conventions rda
050 #4 - LIBRARY OF CONGRESS CALL NUMBER
Classification number H41
072 #7 - SUBJECT CATEGORY CODE
Subject category code JHB
Source bicssc
072 #7 - SUBJECT CATEGORY CODE
Subject category code SOC
Subject category code subdivision 026000
Source bisacsh
082 04 - DEWEY DECIMAL CLASSIFICATION NUMBER
Classification number 303
Edition number 23
245 00 - TITLE STATEMENT
Title Against Better Judgement: Rethinking Multicultural Society :
Remainder of title Liber Amicorum: In Honour of Professor Dr Ruben Gowricharn /
Statement of responsibility, etc edited by Jaswina Elahi, Sandra Trienekens Trienekens, and Hans Ramsoedh.
246 3# - VARYING FORM OF TITLE
Title proper/short title Liber Amicorum: In Honour of Professor Dr Ruben Gowricharn
300 ## - PHYSICAL DESCRIPTION
Extent 1 online resource
504 ## - BIBLIOGRAPHY, ETC. NOTE
Bibliography, etc Includes bibliographical references and index.
505 00 - FORMATTED CONTENTS NOTE
Title Preface --
-- List of Figures and Tables --
-- Notes on Contributors --
-- 1 Introduction /
Statement of responsibility Jaswina Elahi --
Title Part 1: Personal Sociology, Idealism, and Leadership --
-- 2 On Personal Sociology /
Statement of responsibility Frank Bovenkerk --
Title 3 Placidity: The Real Spiritual Infrastructure for Leadership /
Statement of responsibility Frits van Engeldorp Gastelaars --
Title 4 The Retreat of Idealism: Rethinking Engagement within Polarized Societies /
Statement of responsibility Halleh Ghorashi --
Title 5 Oh My Dismal, Dismal, Science! /
Statement of responsibility Peter A. G. van Bergeijk --
Title Part 2: Public Debate in Multicultural Society --
-- 6 The Promotiekamer: An Instrument in the Dutch Public Debate /
Statement of responsibility Jaswina Elahi --
Title 7 Blood, Sweat, and Footnotes /
Statement of responsibility Slawomir Magala --
Title 8 On the Use of Dutch "Slaaf" and "Totslaafgemaakte" /
Statement of responsibility Michiel van Kempen --
Title Part 3: Migration, Integration, and Chances for Inclusive Policy --
-- 9 We Are Not That Different: A Closer Look at Migrant and Non-Migrant Cultural Attitudes in the Netherlands /
Statement of responsibility Wilfred Uunk --
Title 10 "Integration While Preserving Your Own Culture and Identity"? Looking Back at the Framing of the Migrant's Culture and Identity in Integration Policies in the Netherlands Nineteenth-Century China /
Statement of responsibility Rinus Penninx --
Title 11 Slow Change, No Catharsis /
Statement of responsibility Sandra Trienekens --
Title 12 Conditions for Label Change in a Public Dialogue about Inclusive Public Service /
Statement of responsibility Artie Ramsodit --
Title 13 Peacekeeping in Holland 2001-2010. The Organization of Dutch Policy in the Light of the Polarization around Muslims /
Statement of responsibility Hans Crebas --
Title Part 4: The Multicultural Society in Suriname and in Caribbean SIDs --
-- 14 Modernity and the Middle Class in Late Colonial Paramaribo /
Statement of responsibility Rosemarijn Hoefte --
Title 15 Creolization and Creole Hassle in Segmented Suriname /
Statement of responsibility Hans Ramsoedh --
Title 16 UFOs over Suriname: The Reception of an American Mythology /
Statement of responsibility Tanya Wijngaarde --
Title 17 The Promotiekamer Suriname-Nederland: Intellectual Capacity Building /
Statement of responsibility Saira Jahangir-Abdoelrahman --
Title 18 Encouraging Brain Gain in the Caribbean SIDs /
Statement of responsibility Miriëla G. L. Carolina --
Title Part 5: Diaspora Communities --
-- 19 The Turkish Diaspora in The Netherlands /
Statement of responsibility Gürkan Çelik --
Title 20 Reflections on the Trials and Tribulations of the Indentured Diaspora /
Statement of responsibility Brij Maharaj --
Title 21 East Indians and Political Exclusion: The Case of Fiji, Guyana, and Suriname /
Statement of responsibility Chan E. S. Choenni --
Title Part 6: Homemaking --
-- 22 Homemaking of the Second Generation /
Statement of responsibility Roshni Ganpat and Wiren Gowricharn --
Title Index.
520 3# - SUMMARY, ETC.
Summary, etc A unique collection of essays with surprising twists on multiculturalism, social science, and scholarship covering different societies.
520 ## - SUMMARY, ETC.
Summary, etc The topics addressed in this book varies from issues in multicultural society to scholarship. In fourteen short essays the authors discuss crucial topics, including (personal sociology, arts, policy making, creolisation, diaspora communities, minority empowerment, political exclusion, homemaking, practice of science). This liber amicorum offers a unique collection of essays that opens a fresh window for everybody interested in multicultural societies, history, arts and social science. The contributions to this book represents a fine scholarship dealing with contemporary issues in society and academia.
650 #0 - SUBJECT ADDED ENTRY--TOPICAL TERM
Topical term or geographic name as entry element Critical Social Sciences.
650 #0 - SUBJECT ADDED ENTRY--TOPICAL TERM
Topical term or geographic name as entry element Social Sciences.
700 1# - ADDED ENTRY--PERSONAL NAME
Personal name Ramsoedh, Hans,
Relator term editor.
700 1# - ADDED ENTRY--PERSONAL NAME
Personal name Trienekens, Sandra Trienekens,
Relator term editor.
700 1# - ADDED ENTRY--PERSONAL NAME
Personal name Elahi, Jaswina,
Relator term editor.
776 08 - ADDITIONAL PHYSICAL FORM ENTRY
Display text Print version:
Title Against Better Judgement: Rethinking Multicultural Society : Liber Amicorum: In Honour of Professor Dr Ruben Gowricharn.
Place, publisher, and date of publication Leiden ; Boston : Brill, 2022.
International Standard Book Number 9789004513860
856 4# - ELECTRONIC LOCATION AND ACCESS
Uniform Resource Identifier <a href="http://dx.doi.org/10.1163/9789004513877">http://dx.doi.org/10.1163/9789004513877</a>
942 ## - ADDED ENTRY ELEMENTS (KOHA)
Source of classification or shelving scheme Dewey Decimal Classification
Koha item type Electronic Books
Holdings
Date last seen Total Checkouts Full call number Barcode Uniform Resource Identifier Price effective from Koha item type Lost status Source of classification or shelving scheme Damaged status Not for loan Withdrawn status Home library Current library Date acquired
15/04/2026   303 EB04509 https://doi.org/10.1163/9789004513877 15/04/2026 Electronic Books   Dewey Decimal Classification       CUTN Central Library CUTN Central Library 15/04/2026